Music Quiz

Random Music or Clickable Quiz
Score 0/35 Timer 06:00
0 Plays Today
% Correct
Crazy in Love (Beyoncé feat. Jay-Z)
89.4%
Gold Digger (Kanye West feat. Jamie Foxx)
86.6%
SexyBack (Justin Timberlake)
84.6%
Hey Ya! (OutKast)
84.2%
Gettin' Jiggy Wit It (Will Smith)
77.8%
Gangsta's Paradise (Coolio feat. L.V.)
77.3%
Wannabe (Spice Girls)
75.8%
Dancing Queen (ABBA)
74.6%
Down Under (Men at Work)
69.6%
Daydream Believer (The Monkees)
69.5%
Macarena (Los Del Rio)
67.9%
Everything She Wants (Wham!)
67.1%
Fame (David Bowie)
67%
Stayin' Alive (Bee Gees)
66.8%
The Sound of Silence (Simon & Garfunkel)
66.6%
I'm Too Sexy (Right Said Fred)
65.1%
When Doves Cry (Prince)
64.6%
The House of the Rising Sun (The Animals)
63.3%
% Correct
White Christmas (Bing Crosby)
61.7%
Chattanooga Choo Choo (Glenn Miller)
60%
Physical (Olivia Newton-John)
59.7%
(Sittin' On) The Dock of the Bay (Otis Redding)
59.1%
Turn! Turn! Turn! (To Everything There Is a Season) (The Byrds)
56.6%
Mr. Sandman (The Chordettes)
55%
Kung Fu Fighting (Carl Douglas)
54.4%
All for You (Janet Jackson)
53.9%
Rock Me Amadeus (Falco)
52.2%
Love Letters in the Sand (Pat Boone)
49.7%
Paper Doll (The Mills Brothers)
47.6%
Too Young (Nat King Cole)
46.4%
Sentimental Journey (Les Brown)
46.2%
Smoke! Smoke! Smoke! (That Cigarette) (Tex Williams)
45.6%
The Purple People Eater (Sheb Wooley)
45.3%
Joy to the World (Three Dog Night)
43.3%
Auf Wiederseh'n Sweetheart (Vera Lynn)
27.9%
Remove Ads.
Support Sporcle.
Get the best of Sporcle when you Go Orange. This ad-free experience offers more features, more stats, and more fun while also helping to support Sporcle. Thank you for becoming a member.

You're not logged in!

Compare scores with friends on all Sporcle quizzes.
OR
Log In

Show Comments

Extras

Top Quizzes Today


Score Distribution

Your Account Isn't Verified!

In order to create a playlist on Sporcle, you need to verify the email address you used during registration. Go to your Sporcle Settings to finish the process.

Report this User

Report this user for behavior that violates our Community Guidelines.

Details: